Štúdium biosyntézy β-karoténu a kyseliny γ-linolénovej u húb radu Mucorales bakalárska práca

Gespeichert in:
Bibliographische Detailangaben
1. Verfasser: Šišmiš, Michal
Format: Buch
Sprache:Slowakisch
Veröffentlicht: Bratislava STU FCHPT 2013
Online-Zugang:Im OPAC anzeigen
Tags: Tag hinzufügen
Keine Tags, Fügen Sie das erste Tag hinzu!

MARC

LEADER 00000nam a2200000 a 4500
005 20260127134303.0
008 130911 2013 000 0 slo d
035 |a vtls010542598 
039 9 |y 201309111418  |z mschk03 
040 |a STUSCHK1  |b slo  |c STUSCHK1  |e AACR2 
100 1 |a Šišmiš, Michal 
245 1 |a Štúdium biosyntézy β-karoténu a kyseliny γ-linolénovej u húb radu Mucorales  |b bakalárska práca  |c Michal Šišmiš 
260 |a Bratislava  |b STU FCHPT  |c 2013 
300 |a 44 s.  |b il.  |c 30 cm 
500 |a Obhájené: 10.07.2013 
500 |a Štud. program: B-BIOPOT 
500 |a Štud. odbor: Biotechnológie 
500 |a Škol. pracovisko: Odd. biochemickej technológie 
500 |a Evid.číslo: FCHPT-13567-74030 
910 |a SCHK95 
999 |c 8816  |d 8816